| 000 | 00741nam a22002177a 4500 | ||
|---|---|---|---|
| 999 |
_c10823 _d10823 |
||
| 003 | AR-CdUCM | ||
| 008 | 190402b ||||| |||| 00| 0 spa d | ||
| 040 |
_aMUNICIPALIDAD PROVINCIAL DEL CUSCO _cBIBLIOTECA MUNICIPAL DEL CUSCO |
||
| 082 |
_aES / 869.56 / _bB84 |
||
| 100 |
_aBronzz, Harman _927865 |
||
| 245 | _aEl espiral / | ||
| 260 |
_aLima : _bEDILCEX, _c2002. |
||
| 300 |
_a208 páginas ; _c21 cm. |
||
| 500 | _aDedicatoria | ||
| 505 | _aContenido: La vida -- Los pitaras -- Amor en la atlántida -- Mi niñez, mi adolescencia y mis heridas -- la moraleja la fabula -- EL sacerdote... | ||
| 650 |
_aNovela _95 |
||
| 650 |
_aLiteratura escolar _926679 |
||
| 650 |
_aLiteratura peruana _9169 |
||
| 942 |
_2ddc _cLIBROS |
||
| 945 | _adavv | ||